| 000 | 00680nam a2200229 4500 | ||
|---|---|---|---|
| 003 | OSt | ||
| 005 | 20260530113903.0 | ||
| 008 | 260507b1994 |||a|||| |||| 001 0 spa d | ||
| 020 | _a968887258X | ||
| 040 |
_aICI _bspa _cICI |
||
| 050 |
_aNA9050 _bD57 2002 |
||
| 100 | 1 |
_aLittlewood, Michell _932519 |
|
| 245 | 1 | 0 |
_aDiseño Urbano 2: _bPavimentos, rampas, escaleras y márgenes |
| 264 | 1 |
_bEdiciones G. Gili, S.A. de C.V. _c1994 _aMéxico |
|
| 300 | _a213 páginas | ||
| 336 |
_atexto _2rdacontent |
||
| 337 |
_asin medio _2rdamedia |
||
| 338 |
_avolumen _2rdacarrier |
||
| 650 |
_aCiudades y pueblos _xDesarrollo _932520 |
||
| 650 |
_aDiseño urbano _920844 |
||
| 942 |
_2lcc _cBK _n1 |
||
| 999 |
_c11853 _d11853 |
||